[Event "Bad Woerishofen op"]
[Site "?"]
[Date "2003.??.??"]
[Round "7"]
[White "Ries, Berthold"]
[Black "Fahnenschmidt, Gerhard"]
[Result "0-1"]
[WhiteElo "2087"]
[BlackElo "2220"]
[Annotator "ChessOrg"]
[PlyCount "88"]

1. e4 c5 2. f4 d5 3. exd5 Nf6 4. Bb5+ Nbd7 5. c4 a6 6. Bxd7+ Bxd7 7. Nf3 e6 8.
dxe6 Bxe6 9. Qc2 Bd6 10. d3 Qc7 11. g3 O-O 12. O-O Bh3 13. Re1 Rfe8 14. Be3 Ng4
15. Bf2 Qc6 16. Nbd2 Bc7 17. Ne4 h6 18. Nh4 f5 19. Nxc5 g5 20. fxg5 hxg5 21.
Qd2 gxh4 22. Qg5+ Kf7 23. Qxf5+ Nf6 24. Qxh3 hxg3 25. hxg3 Bxg3 26. Bxg3 Qxc5+
27. Bf2 Qb4 28. b3 Qd2 29. Qf3 Rg8+ 30. Kf1 Rad8 31. Re3 Rd7 32. Qe2 Qc3 33.
Re1 Qb4 34. d4 Qd6 35. Re5 Qf8 36. d5 Qh6 37. Re7+ Rxe7 38. Qxe7+ Kg6 39. Re6
Rf8 40. d6 Rf7 41. Qe8 Kg7 42. Qd8 Qh3+ 43. Kg1 Qxe6 44. Bh4 Qg4+ 0-1

[Event "Bad Woerishofen op"]
[Site "?"]
[Date "2003.??.??"]
[Round "7"]
[White "Frank, Albert"]
[Black "Simonsen, Hans"]
[Result "0-1"]
[WhiteElo "2070"]
[BlackElo "2213"]
[Annotator "ChessOrg"]
[PlyCount "38"]

1. e4 e6 2. d4 d5 3. exd5 exd5 4. Bd3 Bd6 5. Qf3 Nc6 6. c3 Nf6 7. h3 O-O 8. Ne2
Ne4 9. Bxe4 dxe4 10. Qxe4 Re8 11. Qd3 Qf6 12. Be3 Bf5 13. Qd1 Qg6 14. g3 Rad8
15. Nd2 Bxg3 16. Nf1 Bh4 17. Rg1 Ne5 18. Nh2 Nd3+ 19. Kd2 Bxf2 0-1

[Event "Bad Woerishofen op"]
[Site "?"]
[Date "2003.??.??"]
[Round "7"]
[White "Huhndorf, Arnold"]
[Black "Schulz, Gert"]
[Result "0-1"]
[WhiteElo "2221"]
[BlackElo "2103"]
[Annotator "ChessOrg"]
[PlyCount "56"]

1. d4 g6 2. c4 Bg7 3. e4 Nc6 4. Be3 d6 5. Nc3 e5 6. d5 Nce7 7. g4 f5 8. f3 Nf6
9. h3 c5 10. dxc6 bxc6 11. gxf5 gxf5 12. Qd2 d5 13. cxd5 cxd5 14. exd5 Nfxd5
15. O-O-O Be6 16. Bb5+ Kf7 17. Kb1 Nxc3+ 18. bxc3 Qxd2 19. Rxd2 Nd5 20. Bc4
Nxc3+ 21. Kc2 Bxc4 22. Rd7+ Kg6 23. Kxc3 Rhc8 24. Rxa7 Rxa7 25. Bxa7 Bd5+ 26.
Kd2 Ra8 27. Bf2 Rxa2+ 28. Ke1 Bxf3 0-1

[Event "Bad Woerishofen op"]
[Site "?"]
[Date "2003.??.??"]
[Round "7"]
[White "Mueller, Manfred"]
[Black "Hajenius, Willem"]
[Result "0-1"]
[WhiteElo "2153"]
[BlackElo "2017"]
[Annotator "ChessOrg"]
[PlyCount "72"]

1. e4 c5 2. Nf3 Nf6 3. Nc3 Nc6 4. d4 d5 5. exd5 Nxd5 6. Nxd5 Qxd5 7. Be3 cxd4
8. Nxd4 a6 9. c3 e5 10. Nxc6 Qxc6 11. Qd2 Bg4 12. f3 Be6 13. Be2 Rd8 14. Qc2
Be7 15. O-O O-O 16. Rad1 Bc5 17. Bxc5 Qxc5+ 18. Kh1 Rc8 19. Rd2 f5 20. Rfd1
Rce8 21. Rd6 e4 22. Rxe6 Rxe6 23. Qb3 Rfe8 24. Bc4 Qe7 25. fxe4 fxe4 26. Bxe6+
Qxe6 27. Rd8 Qxb3 28. Rxe8+ Kf7 29. axb3 Kxe8 30. Kg1 Ke7 31. Kf2 Ke6 32. Ke3
Ke5 33. c4 a5 34. g3 g6 35. h3 h6 36. g4 g5 0-1

[Event "Bad Woerishofen op"]
[Site "?"]
[Date "2003.??.??"]
[Round "7"]
[White "Engl, Heinz"]
[Black "Belic, Robert"]
[Result "0-1"]
[WhiteElo "2125"]
[BlackElo "1986"]
[Annotator "ChessOrg"]
[PlyCount "64"]

1. e4 Nc6 2. Nc3 d6 3. d4 g6 4. d5 Nb8 5. Be3 Bg7 6. f4 Nf6 7. Nf3 O-O 8. Bc4
c6 9. dxc6 Nxc6 10. h3 Qa5 11. O-O Nh5 12. Kh2 Bxc3 13. bxc3 Qxc3 14. Qe2 Na5
15. Bd3 Qf6 16. Qd2 Nc6 17. Rab1 b6 18. Bb5 Bb7 19. g4 Ng7 20. Bxc6 Bxc6 21.
Bd4 e5 22. fxe5 Qd8 23. Qh6 Ne6 24. exd6 Qxd6+ 25. Be5 Qe7 26. Nd4 Bxe4 27.
Nxe6 fxe6 28. Qe3 Bxc2 29. Rbc1 Rac8 30. Bc3 Ba4 31. Qd4 Qc7+ 32. Kg2 Bc6+ 0-1

[Event "Bad Woerishofen op"]
[Site "?"]
[Date "2003.??.??"]
[Round "7"]
[White "Neumann, Peter"]
[Black "Pohlers, Juergen"]
[Result "1-0"]
[WhiteElo "2026"]
[BlackElo "2144"]
[Annotator "ChessOrg"]
[PlyCount "39"]

1. e4 c5 2. f4 Nc6 3. Nf3 e6 4. c3 d5 5. e5 Nge7 6. d4 Nf5 7. Bd3 Nh4 8. O-O
Nxf3+ 9. Rxf3 cxd4 10. cxd4 Nxd4 11. Qa4+ Nc6 12. f5 exf5 13. Nc3 g6 14. Bb5 d4
15. Bg5 Be7 16. Bxe7 Kxe7 17. Bxc6 bxc6 18. Qxc6 Be6 19. Qc5+ Ke8 20. Nb5 1-0

[Event "Bad Woerishofen op"]
[Site "?"]
[Date "2003.??.??"]
[Round "7"]
[White "Schmidt, Andreas"]
[Black "Fries, Werner"]
[Result "1-0"]
[WhiteElo "2245"]
[BlackElo "1612"]
[Annotator "ChessOrg"]
[PlyCount "67"]

1. e4 b6 2. d4 d6 3. c4 Bb7 4. Nc3 Nf6 5. Bd3 g6 6. f4 Nbd7 7. Nf3 Bg7 8. O-O
e6 9. h3 a6 10. e5 Nh5 11. Qe1 Bh6 12. Ne2 Qe7 13. g4 dxe5 14. dxe5 Nc5 15. Bc2
Bxf3 16. Rxf3 Ng7 17. g5 Bxg5 18. fxg5 O-O-O 19. b4 Nd7 20. Nd4 Nb8 21. Be3 Nf5
22. Nxf5 gxf5 23. Qc3 Nc6 24. b5 Nb4 25. bxa6 Nxc2 26. Qxc2 Qa3 27. c5 Rd3 28.
cxb6 Rc3 29. b7+ Kd7 30. Rd1+ Kc6 31. Qxc3+ Qxc3 32. Rc1 Qxc1+ 33. Bxc1 Rb8 34.
Rb3 1-0

[Event "Bad Woerishofen op"]
[Site "?"]
[Date "2003.??.??"]
[Round "7"]
[White "Bischoff, Dieter"]
[Black "Huhn, Ulrich"]
[Result "1-0"]
[WhiteElo "2212"]
[BlackElo "1980"]
[Annotator "ChessOrg"]
[PlyCount "49"]

1. d4 Nf6 2. c4 e5 3. dxe5 Ng4 4. e3 Nxe5 5. Nh3 Bb4+ 6. Nd2 d6 7. Nf4 Nbc6 8.
Be2 O-O 9. a3 Bxd2+ 10. Bxd2 f5 11. Bc3 Ng6 12. Nxg6 hxg6 13. h4 Be6 14. h5
gxh5 15. Rxh5 Ne5 16. Qc2 Kf7 17. O-O-O Nd7 18. g4 fxg4 19. Bxg7 Rg8 20. Bc3
Nf6 21. Rh6 Ne8 22. Qh7+ Rg7 23. Bxg7 Nxg7 24. Rxe6 Kxe6 25. Qxg7 1-0

[Event "Bad Woerishofen op"]
[Site "?"]
[Date "2003.??.??"]
[Round "7"]
[White "Santner, Thomas"]
[Black "Lindenmair, Anton"]
[Result "1/2-1/2"]
[WhiteElo "1969"]
[BlackElo "2132"]
[Annotator "ChessOrg"]
[PlyCount "97"]

1. e4 e5 2. f4 Bc5 3. Nf3 d6 4. c3 Nc6 5. d4 exd4 6. cxd4 Bb4+ 7. Bd2 Bxd2+ 8.
Qxd2 Nf6 9. Nc3 O-O 10. O-O-O d5 11. e5 Ne4 12. Nxe4 dxe4 13. d5 exf3 14. dxc6
Qe8 15. Qc3 Qxc6 16. Qxc6 bxc6 17. gxf3 Be6 18. b3 Bd5 19. Rd3 f6 20. Bg2 fxe5
21. fxe5 Rae8 22. Re3 Rf5 23. Rhe1 Rh5 24. h3 Rg5 25. R1e2 Re6 26. Kb2 Reg6 27.
Bf1 Rg1 28. Rf2 R6g3 29. Kc3 Be6 30. Kd4 Bxh3 31. Bxh3 Rxh3 32. Rc3 Rd1+ 33.
Ke4 Rh6 34. Rfc2 Re1+ 35. Kf5 Rh5+ 36. Kg4 Rhxe5 37. Rxc6 h5+ 38. Kg3 g5 39.
Rxc7 h4+ 40. Kh3 R5e3 41. Rxa7 Rxf3+ 42. Kg4 Rg3+ 43. Kh5 Re8 44. Rcc7 h3 45.
Rg7+ Kh8 46. Kg6 Re6+ 47. Kf7 Rge3 48. Rxg5 Kh7 49. Ra4 1/2-1/2

[Event "Bad Woerishofen op"]
[Site "?"]
[Date "2003.??.??"]
[Round "7"]
[White "Wegemund, Hubert"]
[Black "Schellmann, Frank"]
[Result "0-1"]
[WhiteElo "1790"]
[BlackElo "2115"]
[Annotator "ChessOrg"]
[PlyCount "108"]

1. e4 e5 2. Nf3 Nf6 3. Nxe5 d6 4. Nf3 Nxe4 5. d4 d5 6. Bd3 Nc6 7. O-O Bg4 8.
Re1 Be7 9. c4 Nf6 10. Bf4 Nxd4 11. cxd5 Nxd5 12. Qa4+ Nc6 13. Ne5 Nxf4 14. Nxc6
bxc6 15. Qxf4 Be6 16. Be4 O-O 17. Nc3 Bd6 18. Qc1 Bd7 19. Qc2 f5 20. Bf3 Qh4
21. g3 Qh3 22. Bg2 Qh5 23. Ne2 Rab8 24. Rad1 Rf7 25. Rd2 f4 26. gxf4 Rf6 27.
Ng3 Qh4 28. f5 Rbf8 29. Qe4 Qh6 30. Qc4+ Kh8 31. Rd4 Bxf5 32. Rh4 Qd2 33. Qe2
Qxe2 34. Rxe2 Bd7 35. Ra4 g6 36. Rxa7 Bg4 37. Re4 h5 38. h3 Bf3 39. Bxf3 Rxf3
40. Re2 Rxg3+ 41. fxg3 Bc5+ 42. Kg2 Bxa7 43. Rc2 Rf6 44. b4 Kg7 45. h4 Kf7 46.
a4 Ke7 47. b5 Kd7 48. g4 cxb5 49. axb5 hxg4 50. Kg3 Rf5 51. Rc6 Bf2+ 52. Kxg4
Rxb5 53. Rxg6 Rb4+ 54. Kf3 Bxh4 0-1

[Event "Bad Woerishofen op"]
[Site "?"]
[Date "2003.??.??"]
[Round "7"]
[White "Heinrich, Olaf"]
[Black "Schlierf, Andre"]
[Result "0-1"]
[WhiteElo "1751"]
[BlackElo "2107"]
[Annotator "ChessOrg"]
[PlyCount "82"]

1. Nf3 f5 2. g3 Nf6 3. Bg2 Nc6 4. d3 d5 5. Nbd2 e5 6. e4 fxe4 7. dxe4 dxe4 8.
Ng5 Bg4 9. f3 exf3 10. Bxf3 Bxf3 11. Qxf3 Qd5 12. c3 Qxf3 13. Ndxf3 Bd6 14. Nd2
O-O 15. Nde4 h6 16. Nxf6+ Rxf6 17. Ne4 Rf7 18. Rf1 Raf8 19. Rxf7 Kxf7 20. Be3
b6 21. Rd1 Ke6 22. Ke2 Rd8 23. g4 Ne7 24. Rf1 Nd5 25. h4 Rf8 26. Rg1 Be7 27. g5
Nf4+ 28. Kd2 Kd5 29. Nf2 hxg5 30. hxg5 g6 31. b3 Rd8 32. Kc2 Rh8 33. c4+ Ke6
34. Bxf4 exf4 35. Re1+ Kf7 36. Ne4 Rh4 37. Rf1 Ke6 38. Kd3 Rh3+ 39. Ke2 Kf5 40.
Nd2 Re3+ 41. Kd1 Bxg5 0-1

[Event "Bad Woerishofen op"]
[Site "?"]
[Date "2003.??.??"]
[Round "7"]
[White "Duckstein, Torsten"]
[Black "Fries, Elisabeth"]
[Result "1-0"]
[WhiteElo "1843"]
[BlackElo "1469"]
[Annotator "ChessOrg"]
[PlyCount "105"]

1. d4 d5 2. c4 c6 3. Nc3 Nf6 4. Nf3 Bf5 5. cxd5 cxd5 6. Qb3 Qb6 7. Nxd5 Nxd5 8.
Qxd5 e6 9. Qb3 Nc6 10. Qxb6 axb6 11. Bd2 Bb4 12. e3 Bxd2+ 13. Kxd2 O-O 14. Bb5
Be4 15. a3 Rfd8 16. Ke2 Na5 17. Rac1 Rac8 18. Bd3 Bd5 19. e4 Bc6 20. Rc3 Bd7
21. Rhc1 Kf8 22. Ne5 Rxc3 23. Rxc3 Be8 24. Ke3 Ke7 25. Nf3 g6 26. g4 Bd7 27. g5
Rc8 28. Rxc8 Bxc8 29. Bb5 Bd7 30. Bxd7 Kxd7 31. Ne5+ Ke7 32. Kd3 Nc6 33. Nxc6+
bxc6 34. Kc4 Kd6 35. e5+ Kc7 36. b4 Kb7 37. a4 Ka6 38. h3 Kb7 39. b5 Kc7 40.
bxc6 Kxc6 41. h4 Kc7 42. Kb5 Kb7 43. f3 Kc7 44. Kb4 Kc6 45. Kc4 Kd7 46. d5
exd5+ 47. Kxd5 Kc7 48. e6 fxe6+ 49. Kxe6 Kc6 50. Kf7 Kc5 51. Kg7 Kb4 52. Kxh7
Kxa4 53. h5 1-0

[Event "Bad Woerishofen op"]
[Site "?"]
[Date "2003.??.??"]
[Round "7"]
[White "Mathes, Christian"]
[Black "Schoebel, Klaus"]
[Result "0-1"]
[WhiteElo "1317"]
[BlackElo "1598"]
[Annotator "ChessOrg"]
[PlyCount "86"]

1. d4 d5 2. c4 e6 3. Nc3 Nf6 4. cxd5 exd5 5. Bg5 Be7 6. Nf3 c6 7. e3 Bf5 8. Bd3
Ne4 9. Bxe7 Qxe7 10. O-O Nd7 11. Qc2 Ndf6 12. Rab1 O-O 13. b4 a6 14. a4 Rac8
15. Rfc1 Rfe8 16. Ne5 Bg6 17. f3 Nd6 18. Re1 Nd7 19. Nxd7 Qxd7 20. Rbd1 Nc4 21.
Qc1 Bxd3 22. Rxd3 b5 23. axb5 cxb5 24. e4 dxe4 25. fxe4 Qd6 26. Rf1 Ne5 27.
Rdd1 Ng4 28. Qf4 Qxf4 29. Rxf4 Rxc3 30. Rxg4 Rb3 31. Ra1 Ra8 32. Kf2 Rxb4 33.
Ke3 a5 34. d5 f5 35. Rf4 Rxe4+ 36. Rxe4 fxe4 37. Kxe4 Kf7 38. Kd4 b4 39. Kc4
Ke7 40. Re1+ Kd7 41. Re6 Rc8+ 42. Kb3 Rc3+ 43. Kb2 a4 0-1

[Event "Bad Woerishofen op"]
[Site "?"]
[Date "2003.??.??"]
[Round "7"]
[White "Mader, Sascha"]
[Black "Wiedermann, Franz"]
[Result "0-1"]
[WhiteElo "1900"]
[BlackElo "2130"]
[Annotator "ChessOrg"]
[PlyCount "102"]

1. e4 d5 2. exd5 Qxd5 3. Nc3 Qa5 4. d4 c6 5. Bc4 Bf5 6. Nf3 Nf6 7. O-O e6 8.
Bb3 Nbd7 9. Qe2 Bd6 10. Nh4 Bg4 11. f3 Qh5 12. fxg4 Qxh4 13. Bf4 Bxf4 14. Rxf4
g5 15. Rf3 Qxg4 16. Qf2 O-O-O 17. Rxf6 Nxf6 18. Qxf6 Qxd4+ 19. Qxd4 Rxd4 20.
Rf1 Rf4 21. Rxf4 gxf4 22. Ne2 Rd8 23. Nxf4 b5 24. Nd3 a5 25. a4 Rd4 26. Kf2
bxa4 27. Ba2 Kc7 28. Ke3 Rh4 29. h3 Kd6 30. Nf2 Rb4 31. Nd3 Rh4 32. Nf2 f5 33.
g3 Rb4 34. Nd3 Re4+ 35. Kd2 a3 36. bxa3 h5 37. Bb3 h4 38. gxh4 Rxh4 39. Nf2 c5
40. c4 e5 41. Bc2 e4 42. Ba4 Rh8 43. Ke3 Ke5 44. Bd7 f4+ 45. Ke2 Kd4 46. Be6
f3+ 47. Ke1 e3 48. Nd1 e2 49. Nf2 Rb8 50. Bf5 Rb3 51. Ne4 Rb1+ 0-1

[Event "Bad Woerishofen op"]
[Site "?"]
[Date "2003.??.??"]
[Round "7"]
[White "Wagner, Franz"]
[Black "Eichler, Gottfried"]
[Result "1/2-1/2"]
[WhiteElo "1806"]
[BlackElo "2112"]
[Annotator "ChessOrg"]
[PlyCount "139"]

1. e4 c5 2. d3 Nc6 3. Nf3 d6 4. g3 Bg4 5. h3 Bd7 6. Bg2 Qc8 7. Be3 g6 8. Nbd2
Bg7 9. c3 e5 10. Nc4 Qc7 11. O-O b5 12. Ncd2 Nge7 13. Rc1 O-O 14. d4 c4 15. Re1
Nd8 16. Nf1 Ne6 17. g4 Rad8 18. Ng3 Bc8 19. Qd2 Kh8 20. Ng5 a5 21. Nxe6 fxe6
22. h4 exd4 23. cxd4 e5 24. g5 exd4 25. Bxd4 Nc6 26. Bxg7+ Qxg7 27. b3 Ne5 28.
Re3 Qa7 29. bxc4 Nxc4 30. Qc3+ Kg8 31. Re2 Bg4 32. Rec2 a4 33. Kh2 Rxf2 34.
Rxf2 Qxf2 35. Rf1 Qb2 36. Qd3 Qe5 37. Rf6 Rf8 38. Rxf8+ Kxf8 39. Bf1 Qb2+ 40.
Kg1 Qa3 41. Qxa3 Nxa3 42. Ne2 Be6 43. Nd4 Bxa2 44. Bxb5 Nxb5 45. Nxb5 Ke7 46.
Kf2 Bc4 47. Na3 Ba6 48. Ke3 Ke6 49. Kd4 Be2 50. Nb1 Bd1 51. Na3 Bb3 52. Nb5 Kd7
53. Kc3 Kc6 54. Kb4 Kd7 55. Kc3 Ke6 56. Kd4 Bd1 57. Na3 Bb3 58. Nb5 Ke7 59. Na3
Be6 60. Nb1 Bd7 61. Kd5 Be8 62. Na3 Bf7+ 63. Kd4 Ke6 64. Nb5 Kd7 65. Kc3 Bb3
66. Nd4 Bd1 67. Kb4 Ke7 68. Ka3 Kf7 69. Kb4 Ke7 70. Ka3 1/2-1/2

[Event "Bad Woerishofen op"]
[Site "?"]
[Date "2003.??.??"]
[Round "7"]
[White "Schiessl, Siegfried"]
[Black "Grosser, Walter"]
[Result "0-1"]
[WhiteElo "1789"]
[BlackElo "2096"]
[Annotator "ChessOrg"]
[PlyCount "84"]

1. c4 g6 2. Nc3 Bg7 3. e4 d6 4. g3 e5 5. Bg2 Ne7 6. Nge2 c5 7. h3 Nbc6 8. O-O
O-O 9. d3 Be6 10. Nd5 f5 11. f4 Qd7 12. Kh2 Kh8 13. Rb1 fxe4 14. dxe4 Rae8 15.
Be3 Nd4 16. Qd2 Nxe2 17. Qxe2 Nc6 18. fxe5 Bxe5 19. Bh6 Nd4 20. Qd3 Rxf1 21.
Rxf1 Bxd5 22. cxd5 b5 23. Qd2 b4 24. Qf2 Bg7 25. Bxg7+ Kxg7 26. Qf6+ Kg8 27. h4
Qe7 28. Qxe7 Rxe7 29. Rf6 c4 30. Rxd6 c3 31. bxc3 bxc3 32. Rd8+ Kf7 33. Rc8 c2
34. Rc4 Rb7 35. e5 Rb2 36. Rc7+ Ke8 37. Rc8+ Ke7 38. d6+ Ke6 39. Re8+ Kd7 40.
Re7+ Kd8 41. Rc7 Rb1 42. Bh3 c1=Q 0-1

[Event "Bad Woerishofen op"]
[Site "?"]
[Date "2003.??.??"]
[Round "7"]
[White "Pimmingstorfer, Christian"]
[Black "Jaenig, Reinhard"]
[Result "1/2-1/2"]
[WhiteElo "2050"]
[BlackElo "2168"]
[Annotator "ChessOrg"]
[PlyCount "102"]

1. f4 d5 2. Nf3 Nf6 3. e3 Bg4 4. h3 Bxf3 5. Qxf3 c6 6. Nc3 Nbd7 7. d4 e6 8. Bd3
g6 9. O-O Bg7 10. Ne2 O-O 11. g4 Ne8 12. Bd2 Qb6 13. Rab1 c5 14. c3 Nd6 15. g5
Qc6 16. Ng3 Rac8 17. h4 Qa4 18. Ra1 Nc4 19. Bc1 Qc6 20. h5 Nd6 21. Kg2 Nf5 22.
Rh1 Rfd8 23. Nxf5 exf5 24. Bd2 Nf8 25. Qd1 Rc7 26. Be2 Qe6 27. Bf3 b6 28. Rc1
Qe7 29. Qe2 Rcd7 30. Qb5 Ne6 31. a4 Nc7 32. Qe2 Re8 33. Qf2 Ne6 34. b4 f6 35.
hxg6 hxg6 36. gxf6 Qxf6 37. Qh4 Qxh4 38. Rxh4 g5 39. Rh5 gxf4 40. bxc5 bxc5 41.
Rxf5 fxe3 42. Bxe3 cxd4 43. Bxd4 Bxd4 44. cxd4 Nxd4 45. Rg5+ Kh8 46. Rh1+ Rh7
47. Rxh7+ Kxh7 48. Rxd5 Nxf3 49. Rd7+ Kg6 50. Kxf3 Kf5 51. Rxa7 Ke5 1/2-1/2

[Event "Bad Woerishofen op"]
[Site "?"]
[Date "2003.??.??"]
[Round "7"]
[White "Steinhardt, Stefan"]
[Black "Flueckiger, Joerg"]
[Result "1/2-1/2"]
[WhiteElo "2230"]
[BlackElo "2000"]
[Annotator "ChessOrg"]
[PlyCount "65"]

1. e4 c5 2. c3 Nf6 3. e5 Nd5 4. b4 cxb4 5. c4 Nc7 6. d4 e6 7. Nf3 d5 8. exd6
Bxd6 9. Bd3 Nc6 10. Bb2 Be7 11. Nbd2 Bf6 12. Ne4 Bxd4 13. Nxd4 Nxd4 14. Qg4 Kf8
15. Qf4 Nf5 16. Rd1 Ne8 17. Ng5 b3 18. O-O Qc7 19. Be5 Qe7 20. Bxf5 exf5 21.
Rfe1 Be6 22. g4 h6 23. Nxe6+ fxe6 24. gxf5 Qg5+ 25. Qxg5 hxg5 26. fxe6 bxa2 27.
Rd7 Rc8 28. Rxb7 Rh6 29. Bb2 Rxc4 30. Rxa7 Rg4+ 31. Kh1 Rgh4 32. Be5 Rxe6 33.
Rxa2 1/2-1/2

[Event "Bad Woerishofen op"]
[Site "?"]
[Date "2003.??.??"]
[Round "7"]
[White "Hillenbrand, Alexander"]
[Black "Weiland, Guenther"]
[Result "1-0"]
[WhiteElo "2155"]
[BlackElo "2007"]
[Annotator "ChessOrg"]
[PlyCount "81"]

1. e4 g6 2. d4 Bg7 3. Nc3 d6 4. Nf3 Nf6 5. Bc4 O-O 6. O-O c6 7. Bb3 Qc7 8. h3
e5 9. dxe5 dxe5 10. Be3 Nbd7 11. a4 a5 12. Qd2 b6 13. Rfd1 Ra7 14. Ng5 h6 15.
Nxf7 Rxf7 16. Bxf7+ Kxf7 17. Bxh6 Nc5 18. Be3 Nfxe4 19. Nxe4 Nxe4 20. Qd8 Nc5
21. Qh4 Ne6 22. Qh7 Nf8 23. Qh4 Ne6 24. Ra3 Qe7 25. Qe4 c5 26. Qc6 Qc7 27. Rd6
Qxc6 28. Rxc6 Bd7 29. Rxb6 e4 30. c3 Be5 31. Ra1 Bf4 32. Bxf4 Nxf4 33. Re1 Nd5
34. Rb8 Nf6 35. b3 Be6 36. c4 Bd7 37. Rd1 Ke7 38. Rb6 Ne8 39. Kf1 g5 40. Ke2
Bf5 41. Rd5 1-0

[Event "Bad Woerishofen op"]
[Site "?"]
[Date "2003.??.??"]
[Round "7"]
[White "Hipp, Hermann"]
[Black "Guenther, Thomas"]
[Result "0-1"]
[WhiteElo "1864"]
[BlackElo "2090"]
[Annotator "ChessOrg"]
[PlyCount "36"]

1. d4 Nf6 2. Nf3 g6 3. g3 Bg7 4. Bg2 d6 5. O-O O-O 6. b3 Ne4 7. Bb2 c5 8. Nbd2
Nxd2 9. Qxd2 d5 10. Rac1 Nc6 11. c4 dxc4 12. Rxc4 cxd4 13. Bxd4 Nxd4 14. Nxd4
Be6 15. Ra4 b5 16. Rb4 a5 17. Bxa8 axb4 18. e3 Bxd4 0-1

[Event "Bad Woerishofen op"]
[Site "?"]
[Date "2003.??.??"]
[Round "7"]
[White "Galje, Hans"]
[Black "Bienhuels, Franz-Josef"]
[Result "1-0"]
[WhiteElo "2148"]
[BlackElo "1927"]
[Annotator "ChessOrg"]
[PlyCount "59"]

1. d4 f5 2. g3 g6 3. Bg2 Nf6 4. Nh3 Bg7 5. Nf4 d6 6. Nc3 Nc6 7. d5 Ne5 8. h4
Nfg4 9. O-O O-O 10. Nb5 c5 11. Nc3 Nf6 12. e4 Rb8 13. a4 b6 14. Ne6 Bxe6 15.
dxe6 fxe4 16. Nxe4 Nxe4 17. Bxe4 Qc8 18. h5 Nc6 19. hxg6 hxg6 20. Bxg6 Qxe6 21.
Qh5 Rf6 22. Bh7+ Kf8 23. Bg5 Qe5 24. Rae1 Qxb2 25. Bxf6 Bxf6 26. Qg4 Ke8 27.
Be4 Nd8 28. Bg6+ Kf8 29. Qd7 Ra8 30. Be4 1-0

[Event "Bad Woerishofen op"]
[Site "?"]
[Date "2003.??.??"]
[Round "7"]
[White "Koehne, Arno"]
[Black "Kuempers, Ulrich"]
[Result "0-1"]
[WhiteElo "2030"]
[BlackElo "2147"]
[Annotator "ChessOrg"]
[PlyCount "116"]

1. d4 Nf6 2. c4 d6 3. Nc3 e5 4. d5 g6 5. e4 Bg7 6. Be2 a5 7. g4 h5 8. g5 Ng8 9.
h4 Na6 10. Be3 f5 11. gxf6 Nxf6 12. f3 Nh7 13. Qd2 Bf6 14. Bf2 g5 15. hxg5 Bxg5
16. Be3 Bxe3 17. Qxe3 Qg5 18. Qxg5 Nxg5 19. Rh4 Bd7 20. Kd2 Ke7 21. Rf1 Raf8
22. Ke3 Rfg8 23. Bd1 Nc5 24. Nce2 Be8 25. Rf2 c6 26. Rfh2 Rh7 27. Nh3 Nxh3 28.
R2xh3 Rhg7 29. Rh2 Bf7 30. R4h3 Be8 31. Rh4 cxd5 32. cxd5 b5 33. R4h3 b4 34.
Rh4 a4 35. Nc1 Rg1 36. Rh1 R8g2 37. Ne2 Rxh1 38. Rxh1 Kf6 39. f4 exf4+ 40. Nxf4
Rxb2 41. Bxh5 Bxh5 42. Rxh5 Rxa2 43. Rh6+ Ke7 44. Rh8 b3 45. Rh7+ Ke8 46. Rh8+
Kd7 47. Rh7+ Kc8 48. Rh8+ Kb7 49. Rh7+ Kb6 50. Rh6 b2 51. Rxd6+ Kb7 52. Rc6
Nxe4 53. Kxe4 b1=Q+ 54. Ke5 Qe1+ 55. Kf5 Rf2 56. Rc4 Qe7 57. Rd4 Qd7+ 58. Ke4
Qg7 0-1

[Event "Bad Woerishofen op"]
[Site "?"]
[Date "2003.??.??"]
[Round "7"]
[White "Gerhards, Walter"]
[Black "Wiesbeck, Florian"]
[Result "0-1"]
[WhiteElo "2140"]
[BlackElo "1882"]
[Annotator "ChessOrg"]
[PlyCount "92"]

1. e4 c5 2. Nf3 e6 3. d4 cxd4 4. Nxd4 Qb6 5. Nc3 Bc5 6. Na4 Qa5+ 7. c3 Bxd4 8.
Qxd4 Nf6 9. f3 Nc6 10. Qd1 O-O 11. b4 Qc7 12. Bg5 Qe5 13. Qc1 d5 14. Be2 dxe4
15. O-O Nd5 16. b5 Na5 17. Kh1 f6 18. Bh4 Nf4 19. Qc2 Nxe2 20. Qxe2 exf3 21.
Qxe5 fxg2+ 22. Kxg2 fxe5 23. Nc5 b6 24. Rxf8+ Kxf8 25. Rf1+ Ke8 26. Nd3 Bb7+
27. Kg3 Nc4 28. Re1 h6 29. Kg4 e4 30. Nf2 Ne5+ 31. Kh3 Nf3 32. Re3 g5 33. Bg3
h5 34. Bd6 g4+ 35. Kg3 Nd2 36. Re1 e3 37. Nxg4 hxg4 38. Kxg4 Nc4 39. Bf4 Kf7
40. h4 Rg8+ 41. Bg5 Be4 42. Kf4 Bf5 43. Kf3 Kg6 44. Rd1 e2 45. Re1 Bd3 46. Ra1
Kh5 0-1

[Event "Bad Woerishofen op"]
[Site "?"]
[Date "2003.??.??"]
[Round "7"]
[White "Lamberger, Werner"]
[Black "Schuster, Gerhard"]
[Result "1/2-1/2"]
[WhiteElo "2048"]
[BlackElo "2151"]
[Annotator "ChessOrg"]
[PlyCount "125"]

1. Nf3 d5 2. d4 Nf6 3. c4 e6 4. Nc3 Be7 5. Bg5 Nbd7 6. e3 O-O 7. Rc1 h6 8. Bh4
b6 9. cxd5 exd5 10. Bb5 Bb7 11. Qa4 c5 12. O-O a6 13. Bxd7 Nxd7 14. Bxe7 Qxe7
15. Rfd1 b5 16. Qa5 c4 17. Qc7 Rab8 18. Ne5 Rfd8 19. Nc6 Bxc6 20. Qxc6 Nb6 21.
Qc5 Qd6 22. f3 b4 23. Qxd6 Rxd6 24. Nb1 Rc6 25. e4 Rbc8 26. Nd2 a5 27. Nf1 c3
28. Rc2 cxb2 29. Rxb2 Rc2 30. Rd2 Rc1 31. Re2 Na4 32. Rb3 Nc3 33. Rd2 dxe4 34.
Kf2 exf3 35. gxf3 Nd5 36. a3 R8c2 37. axb4 axb4 38. Rb2 b3 39. Ne3 Nxe3 40.
Kxe3 Rc3+ 41. Rd3 Re1+ 42. Kd2 Rxd3+ 43. Kxd3 Rh1 44. Ke4 Kf8 45. Kd5 Ke7 46.
Rxb3 Rxh2 47. Rb7+ Kf6 48. Rb6+ Kf5 49. Kd6 Rd2 50. d5 h5 51. Rb7 Kf6 52. Rb6
g5 53. Kd7+ Ke5 54. d6 f5 55. Ke7 g4 56. fxg4 hxg4 57. d7 Rxd7+ 58. Kxd7 g3 59.
Ke7 f4 60. Rg6 Ke4 61. Ke6 f3 62. Rxg3 f2 63. Rg4+ 1/2-1/2

[Event "Bad Woerishofen op"]
[Site "?"]
[Date "2003.??.??"]
[Round "7"]
[White "Dierich, Jochen"]
[Black "Damm, Fabian"]
[Result "1-0"]
[WhiteElo "1876"]
[BlackElo "2130"]
[Annotator "ChessOrg"]
[PlyCount "46"]

1. e4 e6 2. d3 d5 3. Nd2 Nf6 4. Ngf3 c5 5. g3 Be7 6. Bg2 O-O 7. O-O Nc6 8. e5
Nd7 9. Re1 Qc7 10. Qe2 b6 11. Nf1 Re8 12. Bf4 Nf8 13. h4 Ng6 14. Bd2 f6 15.
exf6 Bxf6 16. c3 h6 17. Ne3 Nge5 18. Nxe5 Qxe5 19. f4 Qd6 20. Nxd5 Bd8 21. Ne3
Bb7 22. Nc4 Qc7 23. Qg4 Qf7 1-0

[Event "Bad Woerishofen op"]
[Site "?"]
[Date "2003.??.??"]
[Round "7"]
[White "Schiffer, Steve"]
[Black "Klaus, Daniel"]
[Result "1-0"]
[WhiteElo "2171"]
[BlackElo "2033"]
[Annotator "ChessOrg"]
[PlyCount "57"]

1. e4 d5 2. exd5 Qxd5 3. Nc3 Qa5 4. Bc4 c6 5. d4 Nf6 6. Nge2 Bf5 7. O-O e6 8.
Re1 Bb4 9. Bd2 O-O 10. a3 Bxc3 11. Bxc3 Qc7 12. Ng3 Bg6 13. Bd2 Nbd7 14. c3 Nb6
15. Ba2 Nbd5 16. Qf3 Nd7 17. h4 h6 18. Re2 Qd8 19. h5 Bh7 20. c4 N5f6 21. Rae1
Qb6 22. Bc3 Rac8 23. d5 cxd5 24. cxd5 Nxd5 25. Bxd5 exd5 26. Qxd5 Nf6 27. Bxf6
Qxf6 28. Qxb7 a6 29. Qxc8 1-0

[Event "Bad Woerishofen op"]
[Site "?"]
[Date "2003.??.??"]
[Round "7"]
[White "Wirfs, Joachim"]
[Black "Dintheer, Willi"]
[Result "1/2-1/2"]
[WhiteElo "1727"]
[BlackElo "2098"]
[Annotator "ChessOrg"]
[PlyCount "32"]

1. d4 Nf6 2. Nf3 e6 3. c4 d5 4. Nc3 c6 5. Bg5 h6 6. Bh4 Be7 7. e3 Nbd7 8. cxd5
Nxd5 9. Nxd5 exd5 10. Bxe7 Qxe7 11. Qd2 Nf6 12. Bd3 Be6 13. O-O O-O 14. Qc2
Rac8 15. Rac1 Rc7 16. Qa4 a6 1/2-1/2

[Event "Bad Woerishofen op"]
[Site "?"]
[Date "2003.??.??"]
[Round "7"]
[White "Stierle, Martin"]
[Black "Holuba, Stefan"]
[Result "1/2-1/2"]
[WhiteElo "2088"]
[BlackElo "1737"]
[Annotator "ChessOrg"]
[PlyCount "39"]

1. d4 Nf6 2. Nf3 g6 3. Bg5 Bg7 4. Nbd2 O-O 5. e4 d6 6. Be2 Nbd7 7. O-O c5 8. c3
b6 9. Bd3 cxd4 10. cxd4 Bb7 11. Qe2 h6 12. Bf4 Nh5 13. Be3 Nhf6 14. h3 a6 15.
a4 Nb8 16. d5 Nbd7 17. Nc4 Nc5 18. Bf4 Nh5 19. Be3 Nf6 20. Bf4 1/2-1/2